| 000 | 01118cam a22003494i 4500 | ||
|---|---|---|---|
| 001 | 19477413 | ||
| 003 | TR-AnTOB | ||
| 005 | 20260212144748.0 | ||
| 008 | 170203s2016 tu a b 000 0 tur c | ||
| 010 | _a 2016356665 | ||
| 020 | _a9786051497921 | ||
| 020 | _a6051497927 | ||
| 035 | _a(OCoLC)ocn968800454 | ||
| 040 |
_aPUL _beng _cTR-AnTOB _erda _dOCLCO _dDLC |
||
| 041 | 0 | _atur | |
| 042 |
_apcc _alcode |
||
| 043 | _aa-tu--- | ||
| 050 | 0 | 0 |
_aDS51.K43 _bK57 2016 |
| 090 |
_aDS51.K43 _bK57 2016 |
||
| 245 | 0 | 0 | _aKırşehir arkeoloji ve paleoantropoloji çalışmaları. |
| 264 | 1 |
_aKırşehir : _bKırşehir Valiliği İl Kültür ve Turizm Müdürlüğü, _c2016. |
|
| 300 |
_a184 pages : _billustrations ; _c29 cm |
||
| 336 |
_atext _btxt _2rdacontent |
||
| 337 |
_aunmediated _bn _2rdamedia |
||
| 338 |
_avolume _bnc _2rdacarrier |
||
| 504 | _aIncludes bibliographical references. | ||
| 650 | 0 |
_aKazılar (Arkeoloji) _zTürkiye _zKırşehir _9122675 |
|
| 651 | 0 |
_aKırşehir (Türkiye) _xEski eserler _9126551 |
|
| 942 |
_2lcc _cBK |
||
| 999 |
_c200427958 _d45882 |
||